000 05399nam a2200349 i 4500
003 CSPC
005 20251014111534.0
008 250117s2020 nyua b 001 0 eng d
020 _a9781984637963
040 _cCSPC
_aCSPC
_beng
_erda
082 0 4 _223
_a641.815
_bA77
245 0 0 _a3G handy guide :
_bbread and pastry production.
264 1 _aNew York :
_b3G E-Learning,
_c2020.
300 _ax, 289 pages :
_bcolor illustrations ;
_c24 cm.
336 _atext
_2rdacontent
337 _aunmediated
_2rdamedia
338 _avolume
_2rdacarrier
504 _aIncludes bibliographical references and index.
505 0 _aIntroduction to bread and pastry -- Bread -- Pastry -- Baking -- Historical background of baking -- Overview of the baking process -- Cake making -- Cake -- Cake making methods -- Egg and milk products -- Egg products -- Milk products -- Icings -- Icings and its varieties -- Sugar -- Cookies and biscuits -- Cookies -- Biscuits -- Desserts -- Dessert and its varieties -- Pies.
520 _a"Bakery products were the basic food products for human nutrition for a long time. The convenience, accessibility, and nutrition profileassociated with them in the modern market are the major factors of their sustenance.Bakery products containing vegetables are a powerfulway for brands to draw on positive nutritional interest. The use of brightly colored veggies like carrot or beetroot makes the vegetablecontent more tangible and helps to boost the overall flavor. Their significance as a major part of the diet has been prevalent in mid-tolower-income groups.Bread has been a staple diet of many local cuisines throughout the world and has shown remarkable growth over theperiod of world economic crisis. Because of the rapid increase in population, the rising foreign influence, the emergence of a femaleworking population and people's fluctuating eating habits, they have gained popularity among people, making a significant contributionto the bakery industry's growth trajectory. Bakery plays an important role in the food processing industry and is a traditional business. Withregard to bakery products, consumers are demanding new options, and bakery products have been fortified by the industry to satiate thehealth-conscious burgeoning appetite.The bakery segment has launched a number of healthy products and is gaining popularity at a highrate.The mounting presence of bakery chains has further generated the growth in the sector.The rising trend of "Natural nutrition", "healthy living"and "organic products" has significantly raised the consumers' demand on whole wheat,light, natural and additive-free products. In recent years, the growth in sales of packaged, whole wheat, whole meal,gluten-free andnatural products is an important indication of this new and healthy living sense. Haute cuisine's increasing popularity has had an economic impact on industry-related services such as hospitality and tourism, and has led sociologists to include culinary services in the creative and cultural industries. It has also affected food industry and value-added services or innovative restoration related services. The fundamental trends in innovation in bread, bakery, and pastry relate to health, pleasure, and convenience. This Handy Guide is designed to educate students in the art of Baking and Pastry Arts. The book familiarizes students with the recipes and concepts used by professional bakers and pastry chefs, which form the basis of every competent baker's repertoire. It develops the skills of students in preparing and producing bakery/pastry products, cakes and desserts. Students will know the modern baking techniques, equipment, tools and utensils and other baking appliances. Students are also taught about different presentation methods, sanitation and safety. Bread shares the major market share in bakery products industry. However, its market dominance has been challenged by other bakery products, including pastries and especially doughnuts that has enjoyed rapid growth in recent years and are expected to continue expanding in the coming years. The main driver for the growth in the bread segment is the increase in demand for bread containing whole grain, high in fibre, gluten-free, or healthy and fortified bread. Items such as these are becoming increasingly popular with consumers, due to the enhanced uptake of the healthy lifestyle concept. In the developed countries, competition is uneven, due to product diversity and a large number of informal channels that produce bread. This Handy Guide is aimed to discuss some of the new trends in Bread and Pastry products according with different markets observers. It will also analyze the drivers of this innovative momentum in bread and pastry. New cuisine and leading chefs consider bread and bakery not merely a complement to the dishes served in their restaurants, but a fundamental aspect of their offerings for innovation." -- Back cover
650 0 _aBaking.
650 0 _aBread.
650 0 _aPastry.
650 0 _aCooking.
650 0 _aConfectionery.
650 0 _aFood preparation.
650 0 _aInstructional cookbooks.
650 0 _aCulinary arts.
710 1 _a3G E-Learning.
942 _2ddc
_n0
_cBK
_e23
_h641.815
_iA77
_kCIR
_m2020
999 _c28631
_d28631